000 00839nam a2200301Ia 4500
001 21970
003 IT-RoPAU
008 130308s9999 xx 000 0 und d
040 _aIT-RoPAU
040 _cIT-RoPAU
041 _aITALIANO
100 _aBorgogelli Alessandra
100 _gCodice Aut. SPICS: 4603
245 _aRivolta antinovecento nei primi anni trenta (La)
245 _bAnnitrenta (Gli)-Arte e Cultura in Italia
250 _a1a ed.
260 _aMILANO
260 _bMazzotta
260 _c1982 [1° Ed.:1982 - Ed.Ling.Originale:1982]
300 _a"26 p. (prefazione: no ; testo: 26 [pagine: 105-130])"
500 _aSei di torino Chiaristi Scuola Romana
650 _aSTORIA DELLE ARTI VISIVE
650 _eCodice materia Spics: 5008
942 _cBK
957 _71
999 _c47224
_d47224
999 _bSI
999 _g1